000 00293nam a2200121Ia 4500
008 191201s2016 xx 000 0 und d
100 _aKHURMI, R.S.
245 0 _aTheory of Structures (SI Unit)
260 _aN. Delhi
_bS Chand
_c2016
300 _a710
650 _aB.Tech(CE)
942 _2ddc
_cBK
999 _c6521
_d6521